00000000nam 2200000zi 4500
0019.933302
003CaOODSP
00520250115122726
006m     o  d f      
007cr |n|||||||||
008240201s1995    qucab   o    f|0| 0 eng d
040 |aCaOODSP|beng|erda|cCaOODSP
043 |an-cn-qu
0861 |aEn154-306/1995E-PDF
24500|aEducational workshops at the Biosphere.
264 1|aMontréal, Québec : |bEnvironnement Canada = Environment Canada, |c[1995]
300 |a1 online resource (4 unnumbered pages) : |billustrations, map
336 |atext|btxt|2rdacontent
337 |acomputer|bc|2rdamedia
338 |aonline resource|bcr|2rdacarrier
500 |aDigitized edition from print [produced by Environment and Climate Change Canada].
61020|aBiosphère (Canada)
650 0|aDemonstration centers in education|zQuébec (Province)|zMontréal.
650 6|aCentres de démonstration en éducation|zQuébec (Province)|zMontréal.
7101 |aCanada. |bEnvironment Canada, |eissuing body.
85640|qPDF|s639 KB|uhttps://publications.gc.ca/collections/collection_2025/eccc/en154/En154-306-1995-eng.pdf